000 00564nam a2200217Ia 4500
003 OSt
005 20220927114241.0
006 a|||||r|||| 00| 0
007 ta
008 220926b |||||||| |||| 00| 0 eng d
024 _a148929
037 _cTextbook
040 _aRTL
_cRTL
_beng
041 _2eng
_aeng
082 _a"X, TD"
100 _aBEAVIS
_9387894
245 0 _aRandom wastes imperfect monitoring and environmental quality standards
700 _a WALKER
_9387895
942 _h"X, TD"
_cCC
999 _c703749
_d703749